الفلسفة الغربية من التنوير إلى العدمية : (رقم التسجيلة. 110021)

تفاصيل مارك
000 -الفاتح
عناصر البيانات ثابتة الطول 00835cam a2200181 i 4500
005 - تاريخ ووقت آخر معاملة
حقل ضبط 20251113095300.0
008 - عناصر البيانات ثابتة الطول
عناصر البيانات ثابتة الطول 250721s2007 jo gr 000 0 ara d
082 14 - رقم تصنيف ديوي العشري
رقم التصنيف 190
رقم المادة ج ا ب
100 1# - مدخل رئيسي – اسم شخصي
الاسم الشخصي الجابري، علي حسين
علاقة الشخص بالعمل/ دوره مؤلف.
245 12 - بيان العنوان
العنوان الفلسفة الغربية من التنوير إلى العدمية :
بقية العنوان دراسة لكانط وهيجل ونيتشة وكارل بوبر ورجال مدرسة فرانكفورت الغربية المعاصرة في ظل العولمة /
بيان المسؤولية تأليف أ.د. علي حسين الجابري.
250 ## - بيان الطبعة
بيان الطبعة الطبعة الأولى.
264 31 - بيانات النشر، التوزيع…إلخ
مكان النشر، التوزيع...إلخ عمان :
اسم الناشر، الموزع...إلخ دار مجدلاوي للنشر و التوزيع،
تاريخ النشر، التوزيع...إلخ 2007.
300 ## - الوصف المادي
عدد الوحدات المكونة للوعاء 283 صفحة.
650 17 - مدخل إضافي بالموضوع - مصطلح موضوعي
مصطلح موضوعي أو اسم جغرافي كعنصر مدخل الفلسفة الحديثة.
650 17 - مدخل إضافي بالموضوع - مصطلح موضوعي
مصطلح موضوعي أو اسم جغرافي كعنصر مدخل الغرب.
942 ## - بيانات إضافية (كوها)
نوع التنصيف Dewey Decimal Classification
نوع المادة (كوها) كتب
المقتنيات
حالة السحب حالة الفقدان مصدر التصنيف حالة التلف غير قابل للإعارة المكتبة الرئيسية المكتبة الحالية موقع الرف تاريخ التزويد الرقم المتسلسل Total Checkouts رقم الإستدعاء الباركود تاريخ آخر ظهور تاريخ الفاتورة نوع المادة (كوها)
    Dewey Decimal Classification     المكتبة المركزية المكتبة المركزية الإعارة 28/07/2025 1146154   190 / ج ا ب 1146154 28/07/2025 28/07/2025 كتب
    Dewey Decimal Classification     المكتبة المركزية المكتبة المركزية مقتنيات قسم التزويد 28/07/2025 1739537   190/جاب   28/07/2025 28/07/2025 كتب
    Dewey Decimal Classification     مكتبة أبو علندا العامة مكتبة أبو علندا العامة الإعارة 28/07/2025 1146165   190/جاب 1146165 28/07/2025 28/07/2025 كتب
    Dewey Decimal Classification     مكتبة أم قصير والمقابلين العامة مكتبة أم قصير والمقابلين العامة الإعارة 28/07/2025 1146164   190/جاب 1146164 28/07/2025 28/07/2025 كتب
    Dewey Decimal Classification     مكتبة الأميرة ايمان العامة مكتبة الأميرة ايمان العامة الإعارة 28/07/2025 1146156   190/جاب 1146156 28/07/2025 28/07/2025 كتب
    Dewey Decimal Classification     مكتبة الأميرة سلمى مكتبة الأميرة سلمى الإعارة 02/07/2015 1465746   190/جاب PLD00335386 28/07/2025 02/07/2015 كتب
    Dewey Decimal Classification     مكتبة الاميرة بديعة مكتبة الاميرة بديعة الإعارة 28/07/2025 1146159   190/جاب 1146159 28/07/2025 28/07/2025 كتب
    Dewey Decimal Classification     مكتبة الجويدة مكتبة الجويدة الإعارة 28/07/2025 1146160   190/جاب 1146160 28/07/2025 28/07/2025 كتب
    Dewey Decimal Classification     مكتبة الحسن العامة مكتبة الحسن العامة الإعارة 28/07/2025 1146161   190/جاب 1146161 28/07/2025 28/07/2025 كتب
    Dewey Decimal Classification     مكتبة صويلح العامة مكتبة صويلح العامة الإعارة 28/07/2025 1146157   190/جاب 1146157 28/07/2025 28/07/2025 كتب
    Dewey Decimal Classification     مكتبة وادي السير العامة مكتبة وادي السير العامة الإعارة 28/07/2025 1146166   190/جاب 1146166 28/07/2025 28/07/2025 كتب
Implemented & Customized by: BBB with SCIT (Smart Chains for Information Technology)

Powered by Koha